الأعمال الكاملة للإمام الشيخ محمد عبده / (Record no. 7860)
[ view plain ]
| 000 -الفاتح | |
|---|---|
| حقل البيانات ثابتة الطول | 01237cam a22003135a 4500 |
| 003 - محدد رقم الضبط | |
| رقم الضبط | OSt |
| 005 - وقت وتاريخ اخر تعامل مع التسجيلة | |
| رقم الضبط | 20201124142105.0 |
| 008 - عناصر البيانات ثابتة الطول - معلومات عامة | |
| حقل البيانات ثابتة الطول | 100808s2006 ua |||fr000 001 0dara d |
| 020 ## - الرقم الدولى المعيارى للكتب | |
| الرقم الدولى المعيارى للكتاب | 9770914614 ج1 |
| 020 ## - الرقم الدولى المعيارى للكتب | |
| الرقم الدولى المعيارى للكتاب | 9770914606 ج2 |
| 020 ## - الرقم الدولى المعيارى للكتب | |
| الرقم الدولى المعيارى للكتاب | 9770914492 ج3 |
| 020 ## - الرقم الدولى المعيارى للكتب | |
| الرقم الدولى المعيارى للكتاب | 9770914576 ج4 |
| 020 ## - الرقم الدولى المعيارى للكتب | |
| الرقم الدولى المعيارى للكتاب | 9770914584 ج5 |
| 040 ## - مصدر الفهرسة | |
| وكالة الفهرسة الأصلية | EG-ScBUE |
| لغة الفهرسة | ara |
| وكالة النسخ | EG-ScBUE |
| 082 04 - رقم تصنيف ديوى العشرى | |
| رقم التصنيف | 297.272 |
| رقم المادة | ع ب د |
| رقم الطبعة | 22 |
| 100 1# - المدخل الرئيسى - إسم شخصى | |
| الإسم الشخصى | عبده، محمد |
| 9 (RLIN) | 16691 |
| 245 ## - بيان العنوان | |
| العنوان | الأعمال الكاملة للإمام الشيخ محمد عبده / |
| بيان المسئوليه,etc | محمد عبده؛ تحقيق وتقديم محمد عمارة |
| 250 ## - بيان الطبعة | |
| بيان الطبعة | ط 2 |
| 260 ## - PUBLICATION, DISTRIBUTION, ETC. (IMPRINT) | |
| مكان الناشر او الموزع | القاهرة: |
| اسم الناشر او الموزع | دار الشروق، |
| تاريخ النشر أو التوزيع | 2006. |
| 300 ## - الوصف المادى | |
| التعداد | 5 مج؛ |
| أبعاد الوعاء | 25 سم |
| 500 ## - تبصرة عامة | |
| تبصرة عامة | يشتمل على فهارس . |
| 504 ## - تبصرة ببليوجرافية | |
| تبصرة ببليوجرافية,الخ | يشتمل على إرجاعات ببليوجرافية |
| 505 ## - تبصرة محتويات-الفهرس | |
| تبصرة المحتويات المصاغة | ج1، في الكتابات السياسية -- ج2، في الكتابات الاجتماعية -- ج3، الإصلاح الفكري والتربوي والإلهيات -- ج5،4، تفسير القرءان |
| 590 ## - تبصرة محلية(RLIN) | |
| تبصرة محلية | doaa mohamed |
| 650 ## - المدخل الاضافى بالموضوع-مصطلح موضوعى | |
| مصطلح موضوعي أو اسم جغرافي كعنصر مدخل | الإصلاح الإجتماعي |
| 9 (RLIN) | 20615 |
| مصدر الرأس أو المصطلح | BUEsh |
| 651 ## - المدخل الاضافى بالموضوع - اسم جغرافى | |
| مصدر الرأس أو المصطلح | BUEsh |
| 653 ## - مصطلح تكشيفى غير مقيد | |
| Resource For college | Arabic Literature |
| Arrived date list | August2015 |
| 942 ## - عناصر المدخل الإضافي( كوها) | |
| Koha [default] item type | Book - Borrowing |
| سابقة رقم الطلب | 297.272 ع ب د |
| مصدر التصنيف او مخطط الترفيف | Dewey Decimal Classification |
| حالة التراجع | حالة الفقد | مصدر التصنيف او خطة الترفيف | تحديد مواد ( مجلدات مجمعه أو جزء أخر) | حالة تلف | ليس للاعارة | مجموعات كوها | المكان الدائم | المكان الحالي | موقع الترفيف | تاريخ الاكتساب | Source of acquisition | رقم الاستدعاء | الباركود | Date last seen | نوع الوعاء | تبصرة عامة |
|---|---|---|---|---|---|---|---|---|---|---|---|---|---|---|---|---|
| Dewey Decimal Classification | Lost_In_Inventory_11-6-2024 | Central Library | Central Library | Lower Floor | 08/08/2010 | 297.272 ع ب د | 000009673 | 15/07/2025 | Book - Borrowing | ج 1 | ||||||
| Dewey Decimal Classification | Central Library | Central Library | Lower Floor | 08/08/2010 | 297.272 ع ب د | 000009672 | 15/07/2025 | Book - Borrowing | ج 2 | |||||||
| Dewey Decimal Classification | Central Library | Central Library | Lower Floor | 08/08/2010 | 297.272 ع ب د | 000009671 | 15/07/2025 | Book - Borrowing | ج 3 | |||||||
| Dewey Decimal Classification | Central Library | Central Library | Lower Floor | 08/08/2010 | 297.272 ع ب د | 000009669 | 15/07/2025 | Book - Borrowing | ج 5 | |||||||
| Dewey Decimal Classification | Central Library | Central Library | Lower Floor | 11/09/2011 | 297.272 ع ب د | 000009670 | 15/07/2025 | Book - Borrowing | ج 4 |